Microsoft.NET Compact Framework : core reference (Record no. 9839)
[ view plain ]
| 000 -LEADER | |
|---|---|
| fixed length control field | 00642 a2200205 4500 |
| 020 ## - INTERNATIONAL STANDARD BOOK NUMBER | |
| International Standard Book Number | 0735617252 |
| 040 ## - CATALOGING SOURCE | |
| Original cataloging agency | DLC |
| Language of cataloging | DLC |
| 082 00 - DEWEY DECIMAL CLASSIFICATION NUMBER | |
| Classification number | 005.2768 |
| 100 1# - MAIN ENTRY--PERSONAL NAME | |
| Personal name | Wigley, Andy. |
| 245 10 - TITLE STATEMENT | |
| Title | Microsoft.NET Compact Framework : core reference |
| Remainder of title | core reference |
| Statement of responsibility, etc. | Andy Wigley, Mark Sutton |
| 260 ## - PUBLICATION, DISTRIBUTION, ETC. | |
| Place of publication, distribution, etc. | Redmond, Wash. : |
| Name of publisher, distributor, etc. | Microsoft Press, |
| Date of publication, distribution, etc. | c2003. |
| 300 ## - PHYSICAL DESCRIPTION | |
| Extent | xxviii, 859 p. : |
| Other physical details | ill. ; |
| Dimensions | 24 cm. |
| 650 #0 - SUBJECT ADDED ENTRY--TOPICAL TERM | |
| Topical term or geographic name entry element | Microsoft .NET Framework. |
| 650 #0 - SUBJECT ADDED ENTRY--TOPICAL TERM | |
| Topical term or geographic name entry element | Application software |
| General subdivision | Development. |
| 650 #0 - SUBJECT ADDED ENTRY--TOPICAL TERM | |
| Topical term or geographic name entry element | Pocket computers. |
| 650 #0 - SUBJECT ADDED ENTRY--TOPICAL TERM | |
| Topical term or geographic name entry element | Mobile computing. |
| 700 1# - ADDED ENTRY--PERSONAL NAME | |
| Personal name | Sutton, Mark |
| 700 1# - ADDED ENTRY--PERSONAL NAME | |
| Personal name | Wheelwright, Stephen. |
| 942 ## - ADDED ENTRY ELEMENTS (KOHA) | |
| Koha item type | Book |
| Call number prefix | 005.2768 WIG |
| Source of classification or shelving scheme | |
| Withdrawn status | Lost status | Damaged status | Not for loan | Collection code | Permanent Location | Current Location | Shelving location | Date acquired | Source of acquisition | Cost, normal purchase price | Total Checkouts | Full call number | Barcode | Date last seen | Price effective from | Koha item type |
|---|---|---|---|---|---|---|---|---|---|---|---|---|---|---|---|---|
| Central Library (CL) | Central Library (CL) | First Floor - Software Engineering/ Programming Language | 10/18/2004 | Academic Book Company | 3719.98 | 005.2768 WIG | SEECS004896 | 11/14/2012 | 01/05/2017 | Book |
